000 00259nam a2200109Ia 4500
008 190216s9999||||xx |||||||||||||| ||und||
100 _aThomas Tt
245 0 _aText Book Of Practical Chemistry
260 _bVidyarthimithram
650 _aChemistry
942 _cBK
999 _c2013
_d2013